000 00706nam a2200217Ia 4500
008 191130s2002##################000#0#eng##
020 _a9780333800706
022 _a2001036096
040 _aACL
_cACL
082 _a338.9 KOT
245 _aDevelopment theory and practice : critical perspectives
_cedited by Uma Kothari and Martin Minogue
260 _aHoundmills, Basingstoke, Hampshire ; New York
_bPalgrave
_c2002
300 _ax, 222 p. : ill. ; 23 cm
500 _aIncludes bibliographical references and index
650 _aEconomic development
700 _aKothari, Uma
700 _aMinogue, Martin
990 _a8bc09f63ac10000c4cf59e18777bc46c
991 _a201456
999 _c148619
_d148619